| 000 | 00768nam a22002177a 4500 | ||
|---|---|---|---|
| 999 |
_c20823 _d20823 |
||
| 005 | 20200207160949.0 | ||
| 008 | 200207b xxu||||| |||| 00| 0 spa d | ||
| 022 | _a19092873 | ||
| 040 |
_aCO-BoIAVH _cCO-BoIAVH |
||
| 041 | _aspa | ||
| 044 | _ack | ||
| 082 |
_a636.201 _bA83s |
||
| 110 | _aAsociación Colombiana de Criadores de Ganado Simmental-Simbrah y Cruces | ||
| 245 |
_aSimmental - Simbrah Colombia _cAsociación Colombiana de Criadores de Ganado Simmental-Simbrah y Cruces |
||
| 260 |
_as.l: _bGenética Austria, _bFedegan, _c2014. |
||
| 300 |
_a55 páginas, _bFotografías e ilustraciones, _c28.6 x 24.4 cm |
||
| 650 | 0 | _aHaciendas ganaderas | |
| 650 | 0 | _aGanadería | |
| 650 | 0 | _aGanado específico | |
| 942 |
_2ddc _cLIBRO |
||